| 000 | 00791nam a2200217 i 4500 | ||
|---|---|---|---|
| 001 | bg | ||
| 245 | 1 | 0 |
_aBudownictwo : _bpraca zbiorowa / _cpod red. Tomasza Czajkowskiego. |
| 260 |
_aSzczecin : _bWydaw. Uczelniane PS, _c2000. |
||
| 300 |
_a160 s., [2] k.tabl.złoż. : _brys. ; _c24 cm. |
||
| 490 | 1 |
_aPrace Naukowe Politechniki Szczecińskiej. Instytut Inżynierii Lądowej, _x0208-7146 ; _vnr 29 |
|
| 500 | _aNr serii gł.: 561. Streszcz. ang. przy pracach. | ||
| 504 | _aBibliogr. przy pracach. | ||
| 650 | 9 |
_aBudownictwo _xzagadnienia |
|
| 700 | 1 |
_aCZAJKOWSKI, Tomasz. _eRed. |
|
| 830 | 0 |
_aPrace Naukowe Politechniki Szczecińskiej. _pInstytut Inżynierii Lądowej |
|
| 040 | _cBPK | ||
| 041 | 0 | _apl | |
| 080 | _a624:69 | ||
| 942 | _cKS | ||
| 008 | s pl f |000 0 pol | ||
| 999 |
_c40907 _d40907 |
||
| 856 |
_uhttp://koha.tu.koszalin.pl/cgi-bin/koha/opac-detail.pl?biblionumber=40907 _yKatalog online BPK |
||